| 000 | 00516nam a22001817a 4500 | ||
|---|---|---|---|
| 003 | OSt | ||
| 008 | 260221b2026 |||||||| |||| 00| 0 eng d | ||
| 020 | _a9789364443586 | ||
| 082 |
_a658.4012 _bSHU-S |
||
| 100 | _aShukla, Shantam | ||
| 245 |
_aStrategic management : _btext and cases / _cShantam Shukla and Shashwat Shukla |
||
| 260 |
_aChennai : _bMcGraw Hill Education, _c2026. |
||
| 300 | _axx, 427 p. ; | ||
| 650 | _aStrategic planning | ||
| 650 | _aManagement | ||
| 700 | _aShukla, Shashwat | ||
| 942 |
_2ddc _cBK |
||
| 999 |
_c21376 _d21376 |
||